| 000 | 01228cam a22002054a 4500 | ||
|---|---|---|---|
| 005 | 20250605164234.0 | ||
| 008 | 250528s ||||||||||||||||||||||||d | ||
| 035 | _a21068 | ||
| 020 | _a9780335217663 | ||
| 040 |
_aGR-AtMCL _bgre _dGR-AtMCL _eAACR2 |
||
| 245 | 1 | _aThe Presenting Past / The Core of Psychodynamic Counselling and Therapy: Third Edition | |
| 250 | _a3rd | ||
| 260 |
_bOpen University Press, _c2006 |
||
| 300 | _a276 | ||
| 520 | _aThis book is a wonderfully readable overview of the developmental principles underlying psychodynamic counselling. Preface, What's Past is Present, Qualifying Interpretations, Trust and Attachment: Foundations, Trust and Attachment: Towards Ambivalence, Trust and Attachment: Related Issues, Authority and Autonomy: Internalizing Parental Authority, Authority and Autonomy: A Matter of Control, Authority and Autonomy: Related Issues, Cooperation and Competition: Gender and Sexuality and Sexual Relations, Cooperation and Competition: Oedipal Configurations, Cooperation and Competition: Related Issues, The Major Themes in the Therapeutic Relationship, Appendix, References, Index. | ||
| 700 | 1 |
_aJacobs Michael _97102 |
|
| 942 | _cBK | ||
| 999 |
_c6139 _d6139 |
||